| 000 | 00708nam a2200265 i 4500 | ||
|---|---|---|---|
| 001 | 6248 | ||
| 003 | ES-MaACL | ||
| 005 | 20250805062540.0 | ||
| 007 | t| | ||
| 008 | 890911s1978 fr |||| | fre d | ||
| 020 | _a2-02-004766-7 | ||
| 080 | _a001:1 | ||
| 080 | _a1:001 | ||
| 100 | 1 |
_aCastoriadis, Cornelius. _936798 |
|
| 245 | 1 | 4 |
_aLes carrefours du labyrinthe / _cCornelius Castoriadis. |
| 250 | _a2e tirage rev. et corr. | ||
| 260 |
_aParis : _bSeuil, _c[1978] |
||
| 300 |
_a315 p. ; _c21 cm. |
||
| 490 | 1 | _aEsprit | |
| 650 | 4 |
_aPolĂtica- _xFilosofĂa _916274 |
|
| 650 | 0 | 4 |
_aIndividuo y sociedad. _9178816 |
| 830 | 0 |
_aEsprit _9179551 |
|
| 852 |
_aES-MaACL _jL-13397 |
||
| 999 |
_c6248 _d6248 |
||